[Event "Winnipeg op U1800"]
[Site "Winnipeg CAN"]
[Date "2026.02.14"]
[Round "1.20"]
[White "Gannon, Keith"]
[Black "Lee, Zach Nathaniel"]
[Result "1-0"]
[WhiteElo "1571"]
[BlackElo "1402"]
[WhiteFideId "-1"]
[BlackFideId "-1"]
[PlyCount "75"]
[GameId "2285889505751541"]
[EventDate "2026.02.14"]
[EventType "swiss"]
[EventRounds "5"]
[EventCountry "CAN"]

1. Nf3 c6 2. d4 d5 3. e3 Bg4 4. Be2 Nf6 5. O-O e6 6. Nbd2 Nbd7 7. c4 Qc7 8. a3 b6 9. b4 Be7 10. Bb2 O-O 11. Re1 c5 12. Rc1 cxb4 13. cxd5 Qb7 14. dxe6 Bxe6 15. axb4 Bxb4 16. Bc4 Bg4 17. Be2 Ne4 18. Rf1 Bxf3 19. Nxf3 Rfe8 20. Bb5 a6 21. Bc6 Qa7 22. Bxa8 Rxa8 23. Qc2 Ndf6 24. Qc7 Qxc7 25. Rxc7 a5 26. Rfc1 Nd6 27. Ne5 a4 28. Nd7 Nxd7 29. Rxd7 b5 30. Rdc7 a3 31. Ba1 Nc4 32. Rb7 Nd2 33. Rxb5 Nb3 34. Rb1 Nxa1 35. R5xb4 Kf8 36. Rxa1 Rc8 37. h4 Rc3 38. Ra4 1-0

[Event "Winnipeg op U1800"]
[Site "Winnipeg CAN"]
[Date "2026.02.14"]
[Round "1.21"]
[White "Trueman, Francis"]
[Black "Wang, Elvis"]
[Result "0-1"]
[WhiteElo "1380"]
[BlackElo "1569"]
[WhiteFideId "-1"]
[BlackFideId "-1"]
[PlyCount "70"]
[GameId "2285889505751542"]
[EventDate "2026.02.14"]
[EventType "swiss"]
[EventRounds "5"]
[EventCountry "CAN"]

1. e4 e6 2. Nf3 d5 3. Qe2 dxe4 4. Qxe4 Nf6 5. Qe2 Bd6 6. d3 O-O 7. g3 e5 8. Nbd2 Bg4 9. Bg2 Re8 10. Ne4 Nc6 11. c3 h6 12. h4 Nxe4 13. dxe4 Qf6 14. Qe3 Bxf3 15. Bxf3 Rad8 16. Bd2 Na5 17. Be2 b6 18. b4 Nb7 19. O-O c5 20. h5 cxb4 21. cxb4 Bf8 22. Rac1 a5 23. bxa5 Nxa5 24. g4 Bc5 25. Rxc5 bxc5 26. Bxa5 Rc8 27. Bb5 Re7 28. Rc1 Qe6 29. Qe2 Ra7 30. Bc4 Qf6 31. Ba6 Rca8 32. Rxc5 Rxa6 33. Bc7 Rxa2 34. Qe3 R8a3 35. Qe1 Ra1 0-1

[Event "Winnipeg op U1800"]
[Site "Winnipeg CAN"]
[Date "2026.02.14"]
[Round "1.22"]
[White "Chan, John"]
[Black "Zhang, Oscar"]
[Result "1-0"]
[WhiteElo "1560"]
[BlackElo "1365"]
[WhiteFideId "-1"]
[BlackFideId "-1"]
[PlyCount "67"]
[GameId "2285889505751543"]
[EventDate "2026.02.14"]
[EventType "swiss"]
[EventRounds "5"]
[EventCountry "CAN"]

1. e4 e5 2. Nf3 Nc6 3. g3 Bc5 4. Bg2 Nf6 5. d3 h6 6. Nc3 d5 7. O-O Bg4 8. h3 Be6 9. exd5 Nxd5 10. Nxd5 Bxd5 11. Re1 f6 12. c3 O-O 13. d4 exd4 14. cxd4 Bxf3 15. Qxf3 Nxd4 16. Qc3 Qd6 17. Be3 Rfe8 18. Rad1 Rad8 19. Bxd4 Bxd4 20. Rxe8+ Rxe8 21. Rxd4 Qe5 22. Qc4+ Kh8 23. Re4 Qh5 24. Rxe8+ Qxe8 25. Qxc7 Qe1+ 26. Bf1 Qb4 27. Qc8+ Kh7 28. Bd3+ g6 29. Qd7+ Kg8 30. Bxg6 Qe1+ 31. Kg2 Qe4+ 32. Bxe4 f5 33. Bxf5 b5 34. Bg6 1-0

[Event "Winnipeg op U1800"]
[Site "Winnipeg CAN"]
[Date "2026.02.14"]
[Round "1.23"]
[White "Nikkel, Daniel"]
[Black "Parmar, Nevil"]
[Result "1-0"]
[WhiteElo "1362"]
[BlackElo "1556"]
[WhiteFideId "-1"]
[BlackFideId "-1"]
[PlyCount "50"]
[GameId "2285889505751544"]
[EventDate "2026.02.14"]
[EventType "swiss"]
[EventRounds "5"]
[EventCountry "CAN"]

1. Nf3 d5 2. d4 Bf5 3. g3 Nf6 4. Bg2 e6 5. Bg5 Be7 6. Bxf6 Bxf6 7. O-O O-O 8. Nc3 Nd7 9. a4 c6 10. Re1 Qb6 11. b3 c5 12. e4 Bg4 13. e5 Be7 14. Qd3 Bxf3 15. Bxf3 cxd4 16. Nb5 Bc5 17. Rad1 Rac8 18. Nxd4 Bxd4 19. Qxd4 Qxd4 20. Rxd4 Rxc2 21. b4 Rfc8 22. Ra1 Nxe5 23. Bh1 Rc1+ 24. Rxc1 Rxc1+ 25. Kg2 Rc4 1-0

[Event "Winnipeg op U1800"]
[Site "Winnipeg CAN"]
[Date "2026.02.14"]
[Round "1.24"]
[White "Holoborodko, Ihor"]
[Black "Zhang, Chloe"]
[Result "1-0"]
[WhiteElo "1530"]
[BlackElo "1091"]
[WhiteFideId "-1"]
[BlackFideId "-1"]
[PlyCount "93"]
[GameId "2285889505751545"]
[EventDate "2026.02.14"]
[EventType "swiss"]
[EventRounds "5"]
[EventCountry "CAN"]

1. c4 e5 2. Nc3 Bc5 3. e3 Nf6 4. a3 O-O 5. b4 Bb6 6. c5 Bxc5 7. bxc5 d5 8. cxd6 Qxd6 9. h3 Bf5 10. Nf3 Nc6 11. Bb5 a6 12. Bxc6 Qxc6 13. O-O e4 14. Nd4 Qd6 15. Nxf5 Qe5 16. Ng3 Rad8 17. Qc2 Rfe8 18. Bb2 Rd7 19. Ncxe4 Qe6 20. Nxf6+ gxf6 21. Nh5 Red8 22. Nxf6+ Kf8 23. Nxd7+ Qxd7 24. d4 Ke7 25. Qxh7 Qb5 26. Qc2 Rg8 27. Qc5+ Ke8 28. Qxb5+ axb5 29. Rfc1 c6 30. a4 bxa4 31. Rxa4 b5 32. Ra8+ Kd7 33. Rxg8 Kd6 34. Ba3+ Kc7 35. Rg7 Kb6 36. Rxf7 b4 37. Bxb4 Kb5 38. Rb7+ Ka6 39. Rg7 Kb5 40. d5 cxd5 41. Bd2 Kb6 42. Rg6+ Kb5 43. Rg5 Ka4 44. Rxd5 Ka3 45. Rb5 Ka4 46. Rb8 Ka3 47. Ra1# 1-0

[Event "Winnipeg op U1800"]
[Site "Winnipeg CAN"]
[Date "2026.02.14"]
[Round "2.14"]
[White "Wang, Elvis"]
[Black "Li, Yuchen"]
[Result "0-1"]
[WhiteElo "1569"]
[BlackElo "1749"]
[WhiteFideId "-1"]
[BlackFideId "-1"]
[PlyCount "96"]
[GameId "2285889505751546"]
[EventDate "2026.02.14"]
[EventType "swiss"]
[EventRounds "5"]
[EventCountry "CAN"]

1. e4 e5 2. Nf3 Nc6 3. Bc4 Bc5 4. O-O Nf6 5. d4 Bxd4 6. Nxd4 Nxd4 7. f4 d6 8. fxe5 dxe5 9. c3 Nc6 10. Qb3 Qe7 11. Bg5 Qc5+ 12. Kh1 Na5 13. Qb5+ Qxb5 14. Bxb5+ c6 15. Bd3 Be6 16. Bxf6 gxf6 17. b4 Rd8 18. Be2 Nc4 19. h3 Ke7 20. Bxc4 Bxc4 21. Rf3 Rd1+ 22. Kh2 Bd3 23. Rf2 Rxb1 24. Rxb1 Bxb1 25. Re2 Rd8 26. a3 Ke6 27. Kg3 Rd3+ 28. Kf2 Rxc3 29. Re3 Rxe3 30. Kxe3 f5 31. exf5+ Kxf5 32. g3 e4 33. a4 a5 34. bxa5 c5 35. g4+ Ke5 36. a6 bxa6 37. a5 c4 38. h4 c3 39. g5 c2 40. Kd2 e3+ 41. Kc1 e2 42. Kd2 c1=Q+ 43. Kxc1 e1=Q+ 44. Kb2 Kd4 45. g6 Bxg6 46. h5 Qb1+ 47. Ka3 Kc3 48. hxg6 Qa1# 0-1

[Event "Winnipeg op U1800"]
[Site "Winnipeg CAN"]
[Date "2026.02.14"]
[Round "2.15"]
[White "Hansima, Charitha"]
[Black "Chan, John"]
[Result "1-0"]
[WhiteElo "1729"]
[BlackElo "1560"]
[WhiteFideId "-1"]
[BlackFideId "-1"]
[PlyCount "101"]
[GameId "2285889505751547"]
[EventDate "2026.02.14"]
[EventType "swiss"]
[EventRounds "5"]
[EventCountry "CAN"]

1. c4 e5 2. Nc3 Nc6 3. g3 Nf6 4. Bg2 Bc5 5. e3 O-O 6. Nf3 e4 7. Ng5 d5 8. cxd5 Nxd5 9. Ngxe4 Nxc3 10. bxc3 Bb6 11. d4 Bf5 12. O-O Re8 13. Nd2 Qg5 14. e4 Bg6 15. Nc4 Qb5 16. Nxb6 Qxb6 17. Qg4 Re7 18. Be3 Qa6 19. h4 h5 20. Qg5 Bxe4 21. Bxe4 Rxe4 22. Qxh5 Rae8 23. Qc5 Qe2 24. Qf5 Rxe3 25. fxe3 Rxe3 26. Qxf7+ Kh7 27. Qf5+ g6 28. Qf7+ Kh6 29. Qf8+ Kh5 30. Qf2 Qd3 31. Kh1 Rxg3 32. Rae1 Qxc3 33. Qe2+ Kxh4 34. Qf2 Qxd4 35. Qxd4+ Nxd4 36. Re4+ Kh3 37. Rxd4 Re3 38. Rd7 Re2 39. Rfd1 Rxa2 40. Rxc7 b5 41. Rg7 Rh2+ 42. Kg1 Rg2+ 43. Kf1 a5 44. Rd3+ Rg3 45. Rd5 a4 46. Rxb5 a3 47. Ra5 Kh4 48. Kf2 Rb3 49. Rxg6 Rb2+ 50. Kf3 a2 51. Rh6# 1-0

[Event "Winnipeg op U1800"]
[Site "Winnipeg CAN"]
[Date "2026.02.14"]
[Round "2.16"]
[White "Patel, Jaimin"]
[Black "Holoborodko, Ihor"]
[Result "1-0"]
[WhiteElo "1688"]
[BlackElo "1530"]
[WhiteFideId "-1"]
[BlackFideId "-1"]
[PlyCount "61"]
[GameId "2285889505751548"]
[EventDate "2026.02.14"]
[EventType "swiss"]
[EventRounds "5"]
[EventCountry "CAN"]

1. d4 g6 2. c4 Bg7 3. Nc3 c5 4. d5 d6 5. e4 Nf6 6. Bd3 O-O 7. Nge2 Bg4 8. O-O Bxe2 9. Qxe2 Nbd7 10. f4 e5 11. dxe6 fxe6 12. f5 gxf5 13. exf5 e5 14. Bg5 Qe8 15. Nb5 Qb8 16. Rad1 a6 17. Nc3 Re8 18. Ne4 Nxe4 19. Bxe4 Nf6 20. Bxf6 Bxf6 21. Bd5+ Kh8 22. Qh5 Qc7 23. Rd3 e4 24. Rh3 Re7 25. Re1 e3 26. Kh1 Rae8 27. Qh6 Bxb2 28. f6 Rf7 29. Qg6 Rxf6 30. Qxe8+ Kg7 31. Qg8# 1-0

[Event "Winnipeg op U1800"]
[Site "Winnipeg CAN"]
[Date "2026.02.14"]
[Round "2.17"]
[White "Parmar, Nevil"]
[Black "Breadner, David"]
[Result "1-0"]
[WhiteElo "1556"]
[BlackElo "1671"]
[WhiteFideId "-1"]
[BlackFideId "-1"]
[PlyCount "50"]
[GameId "2285889505751549"]
[EventDate "2026.02.14"]
[EventType "swiss"]
[EventRounds "5"]
[EventCountry "CAN"]

1. e4 e5 2. Nf3 Nc6 3. c3 Nf6 4. d4 exd4 5. e5 Ng4 6. cxd4 d6 7. h3 Nxf2 8. Kxf2 dxe5 9. d5 Bc5+ 10. Ke1 Nd4 11. Nxd4 Qh4+ 12. Ke2 Bxd4 13. Qb3 O-O 14. Be3 Bd7 15. Bxd4 exd4 16. Nd2 Rfe8+ 17. Kd3 Re3+ 18. Kc4 b5+ 19. Kb4 a5+ 20. Kc5 Qe7+ 21. Kxd4 Qe5+ 22. Kc5 Rxb3 23. Nxb3 Qd6+ 24. Kd4 Qb4+ 25. Ke3 a4 1-0

[Event "Winnipeg op U1800"]
[Site "Winnipeg CAN"]
[Date "2026.02.14"]
[Round "2.18"]
[White "Sarao, Karanveer Singh"]
[Black "Gannon, Keith"]
[Result "1-0"]
[WhiteElo "1492"]
[BlackElo "1571"]
[WhiteFideId "-1"]
[BlackFideId "-1"]
[PlyCount "89"]
[GameId "2285889505751550"]
[EventDate "2026.02.14"]
[EventType "swiss"]
[EventRounds "5"]
[EventCountry "CAN"]

1. d4 d5 2. c4 e6 3. Nc3 Nf6 4. cxd5 exd5 5. Bg5 Be7 6. h3 O-O 7. Nf3 Nc6 8. e3 a6 9. Bd3 Nb4 10. O-O Nxd3 11. Qxd3 Re8 12. a3 c6 13. Rfe1 Ne4 14. Bxe7 Qxe7 15. Qc2 Nxc3 16. Qxc3 Bf5 17. Re2 Be4 18. Nd2 Qg5 19. Nxe4 Rxe4 20. Rf1 Rae8 21. Qb3 Qe7 22. Rfe1 Qd7 23. Qc3 h6 24. f3 R4e7 25. e4 dxe4 26. Rxe4 Rxe4 27. Rxe4 Rxe4 28. fxe4 Qe7 29. e5 g6 30. b4 h5 31. Kf2 Qh4+ 32. Kf3 g5 33. Qe3 g4+ 34. hxg4 Qxg4+ 35. Kf2 h4 36. g3 h3 37. Qf4 Qg6 38. Kg1 Kf8 39. Kh2 Qe6 40. Qf3 Ke8 41. g4 Qc4 42. Qxh3 Qxd4 43. Qh8+ Kd7 44. e6+ Kxe6 45. Qxd4 1-0

[Event "Winnipeg op U1800"]
[Site "Winnipeg CAN"]
[Date "2026.02.14"]
[Round "2.19"]
[White "Ott, Richard"]
[Black "Pacin, Ondrej"]
[Result "0-1"]
[WhiteElo "1632"]
[BlackElo "1428"]
[WhiteFideId "-1"]
[BlackFideId "-1"]
[PlyCount "37"]
[GameId "2285889505751551"]
[EventDate "2026.02.14"]
[EventType "swiss"]
[EventRounds "5"]
[EventCountry "CAN"]

1. Nf3 g6 2. e4 Bg7 3. d4 d6 4. h3 b6 5. Nc3 Bb7 6. Be2 e6 7. O-O Ne7 8. Bg5 h6 9. Be3 O-O 10. Qd2 Kh7 11. Rad1 Nd7 12. d5 e5 13. Bd3 Nc5 14. Bxc5 bxc5 15. a4 a6 16. Nh2 Bc8 17. a5 f5 18. f4 Bd7 19. Na4 0-1

[Event "Winnipeg op U1800"]
[Site "Winnipeg CAN"]
[Date "2026.02.14"]
[Round "2.20"]
[White "Johnston, Devin"]
[Black "Mandusic, Ante"]
[Result "1-0"]
[WhiteElo "1607"]
[BlackElo "1267"]
[WhiteFideId "-1"]
[BlackFideId "-1"]
[PlyCount "91"]
[GameId "2285889505751552"]
[EventDate "2026.02.14"]
[EventType "swiss"]
[EventRounds "5"]
[EventCountry "CAN"]

1. e4 Nc6 2. Nc3 e5 3. Bc4 Nh6 4. d3 g6 5. a3 Bg7 6. Nf3 d6 7. h3 O-O 8. O-O Qe8 9. Nd5 Qd7 10. Bxh6 Bxh6 11. Nf6+ Kg7 12. Nxd7 Bxd7 13. c3 Na5 14. Ba2 c5 15. b4 cxb4 16. axb4 Nc6 17. Bd5 Rab8 18. Bxc6 Bxc6 19. Qc2 a6 20. Nh2 b5 21. Ng4 Bg5 22. Rxa6 Rbc8 23. Ne3 Rfd8 24. Nd5 Bb7 25. Ra7 Bxd5 26. exd5 Rb8 27. Rfa1 h5 28. Rc7 Rbc8 29. Raa7 Rxc7 30. Rxc7 Bf6 31. c4 bxc4 32. dxc4 Bg5 33. Kf1 h4 34. Qa4 e4 35. Qa7 Rf8 36. Rd7 Bf4 37. b5 e3 38. fxe3 Bg3 39. b6 g5 40. b7 Bh2 41. b8=Q Rxb8 42. Qxb8 Kg6 43. Qg8+ Kf5 44. Qxf7+ Ke4 45. Ke2 Be5 46. Qf3# 1-0

[Event "Winnipeg op U1800"]
[Site "Winnipeg CAN"]
[Date "2026.02.14"]
[Round "2.21"]
[White "Lee, Zach Nathaniel"]
[Black "Melnyk, James"]
[Result "1-0"]
[WhiteElo "1402"]
[BlackElo "1700"]
[WhiteFideId "-1"]
[BlackFideId "-1"]
[PlyCount "153"]
[GameId "2285889505751553"]
[EventDate "2026.02.14"]
[EventType "swiss"]
[EventRounds "5"]
[EventCountry "CAN"]

1. e4 d6 2. d4 Nf6 3. Nc3 c6 4. Nf3 Qa5 5. Bd3 e5 6. dxe5 dxe5 7. Bd2 Qc7 8. Bg5 Be7 9. O-O O-O 10. Qe2 Nbd7 11. Rad1 Nc5 12. Bh4 Re8 13. Bc4 Be6 14. Ng5 Bxc4 15. Qxc4 Bf8 16. Rd2 b5 17. Qe2 b4 18. Nb1 h6 19. Nf3 Nfxe4 20. Rdd1 Be7 21. Bg3 Nxg3 22. fxg3 Bf6 23. Qc4 Qb6 24. Qg4 Ne4+ 25. Kh1 Nf2+ 26. Rxf2 Qxf2 27. Nbd2 a5 28. Ne4 Qxc2 29. Nxf6+ Kf8 30. Nxe5 Rad8 31. Ned7+ Rxd7 32. Nxd7+ Ke7 33. Qf3 f6 34. Qe3+ Kf7 35. Qb3+ Qxb3 36. axb3 Re2 37. Rb1 Ke6 38. Nc5+ Kd5 39. Nb7 Re3 40. Kg1 Rxb3 41. Nxa5 Rd3 42. Rc1 c5 43. Kf1 Rd2 44. b3 Rd3 45. Ke2 Rd4 46. Nb7 c4 47. bxc4+ Rxc4 48. Rxc4 Kxc4 49. Na5+ Kc3 50. Kd1 b3 51. Kc1 Kb4 52. Nc6+ Kc3 53. Kb1 Kd3 54. Ne7 g5 55. g4 Ke4 56. Ng8 f5 57. gxf5 Kxf5 58. Nxh6+ Kf4 59. Nf7 g4 60. Nh6 Kg5 61. Nxg4 Kxg4 62. Kb2 Kg5 63. Kxb3 Kg4 64. Kc3 Kf4 65. Kd3 Kg4 66. Ke3 Kh4 67. g3+ Kg4 68. h4 Kh5 69. Kf4 Kh6 70. g4 Kg6 71. h5+ Kh6 72. Kf5 Kh7 73. Kf6 Kh6 74. g5+ Kh7 75. Kf7 Kh8 76. h6 Kh7 77. g6+ 1-0

[Event "Winnipeg op U1800"]
[Site "Winnipeg CAN"]
[Date "2026.02.14"]
[Round "2.22"]
[White "Hui, Zelus"]
[Black "Trueman, Francis"]
[Result "1/2-1/2"]
[WhiteElo "1529"]
[BlackElo "1380"]
[WhiteFideId "-1"]
[BlackFideId "-1"]
[PlyCount "93"]
[GameId "2285889505751554"]
[EventDate "2026.02.14"]
[EventType "swiss"]
[EventRounds "5"]
[EventCountry "CAN"]

1. c4 e5 2. Nc3 d6 3. g3 Nc6 4. Bg2 Nf6 5. e3 Bd7 6. Nge2 g6 7. O-O Bg7 8. d4 O-O 9. b3 Ne7 10. Bxb7 Rb8 11. Bg2 h5 12. Bb2 Nh7 13. Qd2 Qc8 14. Rfd1 Bh3 15. dxe5 dxe5 16. Nd5 Nxd5 17. Qxd5 Bxg2 18. Kxg2 Re8 19. Qd7 Qb7+ 20. Qd5 Qc8 21. Rd2 Nf6 22. Qd3 Qb7+ 23. Kg1 Qf3 24. Nc3 h4 25. Qe2 Qxe2 26. Nxe2 hxg3 27. hxg3 Ng4 28. Rad1 Bh6 29. Rd7 Rbc8 30. Nc3 Nf6 31. R7d2 c6 32. Kg2 g5 33. Rd6 Bg7 34. R6d2 Kh7 35. Ba3 Kg6 36. Bc5 a6 37. Ba3 e4 38. Bb2 Ng4 39. Na4 Bxb2 40. Rxb2 Rh8 41. Nc5 Rh2+ 42. Kg1 Rch8 43. Rd6+ Kg7 44. Nxe4 Rh1+ 45. Kg2 Ne5 46. g4 R8h2+ 47. Kg3 1/2-1/2

[Event "Winnipeg op U1800"]
[Site "Winnipeg CAN"]
[Date "2026.02.14"]
[Round "2.23"]
[White "Zhang, Oscar"]
[Black "Essery, Richard"]
[Result "0-1"]
[WhiteElo "1365"]
[BlackElo "1524"]
[WhiteFideId "-1"]
[BlackFideId "-1"]
[PlyCount "70"]
[GameId "2285889505751555"]
[EventDate "2026.02.14"]
[EventType "swiss"]
[EventRounds "5"]
[EventCountry "CAN"]

1. e4 c5 2. Nf3 d5 3. exd5 Nf6 4. Nc3 Nxd5 5. Bc4 e6 6. Bxd5 exd5 7. d4 Nc6 8. Be3 cxd4 9. Nxd4 Bb4 10. Qe2 O-O 11. Nxc6 bxc6 12. O-O Re8 13. a3 Ba5 14. b4 Bc7 15. Rad1 Be5 16. Nb1 d4 17. Bxd4 Bxh2+ 18. Kxh2 Rxe2 19. Nc3 Qh4+ 20. Kg1 Re6 21. f3 Ba6 22. Bf2 Qe7 23. Rfe1 Rxe1+ 24. Rxe1 Qf6 25. Ne4 Qb2 26. Nd6 h6 27. Nf5 Qxc2 28. Ne7+ Kh7 29. g4 Rd8 30. Kg2 Rd1 31. Re5 Rd2 32. Kg3 Rxf2 33. g5 Rg2+ 34. Kf4 hxg5+ 35. Ke3 Qd3# 0-1

[Event "Winnipeg op U1800"]
[Site "Winnipeg CAN"]
[Date "2026.02.14"]
[Round "2.24"]
[White "Zhang, Chloe"]
[Black "Odeyemi, Emmanuel"]
[Result "0-1"]
[WhiteElo "1091"]
[BlackElo "1481"]
[WhiteFideId "-1"]
[BlackFideId "-1"]
[PlyCount "58"]
[GameId "2285889505751556"]
[EventDate "2026.02.14"]
[EventType "swiss"]
[EventRounds "5"]
[EventCountry "CAN"]

1. e4 e5 2. Nf3 Nc6 3. Nc3 Nf6 4. Bc4 Bc5 5. O-O O-O 6. d3 d6 7. Bg5 h6 8. Bxf6 Qxf6 9. Nd5 Qd8 10. a3 a5 11. b4 axb4 12. axb4 Rxa1 13. Qxa1 Nxb4 14. Nxb4 Bxb4 15. Qa4 Bc5 16. Qb5 c6 17. Qb2 b5 18. Ba2 Bg4 19. c4 Bxf3 20. gxf3 Bd4 21. Qc2 bxc4 22. Qxc4 c5 23. Rc1 Qf6 24. Kf1 Qxf3 25. Rc2 Qh1+ 26. Ke2 Qxh2 27. Kd1 Qg1+ 28. Kd2 Qxf2+ 29. Kc1 Qe1# 0-1

[Event "Winnipeg op U1800"]
[Site "Winnipeg CAN"]
[Date "2026.02.14"]
[Round "2.25"]
[White "Jo, Asher"]
[Black "Nikkel, Daniel"]
[Result "1-0"]
[WhiteElo "1453"]
[BlackElo "1362"]
[WhiteFideId "-1"]
[BlackFideId "-1"]
[PlyCount "37"]
[GameId "2285889505751557"]
[EventDate "2026.02.14"]
[EventType "swiss"]
[EventRounds "5"]
[EventCountry "CAN"]

1. e4 e5 2. Nf3 Nc6 3. d4 exd4 4. Nxd4 Bc5 5. Be3 Nxd4 6. Bxd4 Bxd4 7. Qxd4 Qf6 8. e5 Qb6 9. Qc3 Qc6 10. Bc4 Qg6 11. O-O Nh6 12. Nd2 b6 13. Qf3 Rb8 14. Rac1 O-O 15. Bd3 Qg4 16. Qd5 Bb7 17. f3 Qf4 18. Qxd7 Qxd2 19. Bxh7+ 1-0

[Event "Winnipeg op U1800"]
[Site "Winnipeg CAN"]
[Date "2026.02.15"]
[Round "3.14"]
[White "Li, Yuchen"]
[Black "Sarao, Karanveer Singh"]
[Result "1-0"]
[WhiteElo "1749"]
[BlackElo "1492"]
[WhiteFideId "-1"]
[BlackFideId "-1"]
[PlyCount "151"]
[GameId "2285889505751558"]
[EventDate "2026.02.14"]
[EventType "swiss"]
[EventRounds "5"]
[EventCountry "CAN"]

1. e4 c5 2. c3 d5 3. exd5 Qxd5 4. d4 cxd4 5. cxd4 Nc6 6. Be3 e5 7. dxe5 Qxd1+ 8. Kxd1 Nxe5 9. Nc3 a6 10. Be2 Nf6 11. Nf3 Nxf3 12. Bxf3 Bg4 13. Ke2 Bxf3+ 14. Kxf3 O-O-O 15. Rac1 Kb8 16. Rhd1 Bb4 17. Bd4 h6 18. Be5+ Ka7 19. Bxf6 gxf6 20. Nd5 Bf8 21. Rc7 Bd6 22. Rxf7 Be5 23. b3 Rd6 24. Ke2 Re8 25. Ne7 Bxh2 26. Rd3 Bf4 27. g3 Re6+ 28. Kf3 Bxg3 29. Nf5 Be5 30. Rdd7 Rb6 31. Nxh6 Ree6 32. Nf5 Rec6 33. Ne3 Rd6 34. Nc4 Rxd7 35. Rxd7 Rb5 36. Nxe5 Rxe5 37. Kg3 Kb6 38. Rd6+ Kc5 39. Rxf6 Re2 40. Rf7 b5 41. a3 Rd2 42. Rc7+ Kb6 43. Rc3 Ra2 44. b4 a5 45. Rb3 axb4 46. axb4 Rc2 47. f4 Kc6 48. Kg4 Kd5 49. Kf5 Kc4 50. Rb1 Rc3 51. Kg6 Rf3 52. f5 Kd5 53. Rc1 Rg3+ 54. Kf6 Rh3 55. Rc5+ Kd6 56. Rxb5 Rh6+ 57. Kg5 Rh8 58. Rb6+ Kc7 59. Rh6 Rg8+ 60. Kf6 Rd8 61. Rh7+ Kb6 62. Rh4 Rf8+ 63. Kg6 Kb5 64. f6 Kb6 65. f7 Kb5 66. Kg7 Rc8 67. f8=Q Rxf8 68. Kxf8 Kb6 69. Ke7 Kb5 70. Kd6 Kb6 71. b5 Kxb5 72. Rg4 Kb6 73. Rb4+ Ka5 74. Rb8 Ka4 75. Kc5 Ka3 76. Kc4 1-0

[Event "Winnipeg op U1800"]
[Site "Winnipeg CAN"]
[Date "2026.02.15"]
[Round "3.15"]
[White "Breadner, David"]
[Black "Hansima, Charitha"]
[Result "1-0"]
[WhiteElo "1671"]
[BlackElo "1729"]
[WhiteFideId "-1"]
[BlackFideId "-1"]
[PlyCount "103"]
[GameId "2285889505751559"]
[EventDate "2026.02.14"]
[EventType "swiss"]
[EventRounds "5"]
[EventCountry "CAN"]

1. d4 e5 2. dxe5 d6 3. exd6 Bxd6 4. Nf3 Bg4 5. h3 Bxf3 6. exf3 Nc6 7. Bc4 Qh4 8. Bb5 Nge7 9. O-O O-O-O 10. Qe2 Nd4 11. Qc4 Nxf3+ 12. gxf3 Qxh3 13. Qg4+ Qxg4+ 14. fxg4 c6 15. Bd3 Nd5 16. Bd2 Be5 17. Nc3 h6 18. Nxd5 Rxd5 19. Bc3 Bxc3 20. bxc3 Rg5 21. f3 g6 22. Kf2 h5 23. Rh1 h4 24. Rh3 Rc5 25. f4 Kc7 26. Re1 Kd6 27. Reh1 Rxc3 28. Rxh4 Rxh4 29. Rxh4 Ra3 {[%csl Ga3]} 30. Rh7 Rxa2 31. Rxf7 b5 32. Rf6+ Kd5 33. Ke3 Ra3 34. Rxg6 b4 35. Rg5+ Kd6 36. Kd4 a5 37. f5 c5+ 38. Kc4 a4 39. Rg6+ Ke7 40. Kxc5 b3 41. cxb3 axb3 42. Bc4 b2 43. Rb6 Rg3 44. f6+ Kd7 45. f7 Ke7 46. Rb7+ Kf8 47. Rb8+ Kg7 48. f8=Q+ Kg6 49. Qf5+ Kh6 50. Rb6+ Kg7 51. Qf7+ Kh8 52. Rb8# 1-0

[Event "Winnipeg op U1800"]
[Site "Winnipeg CAN"]
[Date "2026.02.15"]
[Round "3.16"]
[White "Pacin, Ondre"]
[Black "Patel, Jaimin"]
[Result "0-1"]
[WhiteElo "1428"]
[BlackElo "1688"]
[WhiteFideId "-1"]
[BlackFideId "-1"]
[PlyCount "60"]
[GameId "2285889505751560"]
[EventDate "2026.02.14"]
[EventType "swiss"]
[EventRounds "5"]
[EventCountry "CAN"]

1. e4 c5 2. Nf3 e6 3. c3 d5 4. exd5 exd5 5. d4 h6 6. Be2 Nf6 7. O-O Bd6 8. Bb5+ Nc6 9. Bxc6+ bxc6 10. Re1+ Be6 11. Qa4 Qb6 12. Ne5 Rc8 13. Qc2 Ne4 14. Nf3 O-O 15. Be3 Bf5 16. Qc1 Rfe8 17. Nbd2 Nxd2 18. Qxd2 Be4 19. dxc5 Bxc5 20. Bxc5 Qxc5 21. Nd4 Qd6 22. f3 Bg6 23. Rxe8+ Rxe8 24. Re1 Rxe1+ 25. Qxe1 c5 26. Nb3 d4 27. cxd4 cxd4 28. h3 d3 29. Qd2 Qa6 30. a3 Qb6+ 0-1

[Event "Winnipeg op U1800"]
[Site "Winnipeg CAN"]
[Date "2026.02.15"]
[Round "3.17"]
[White "Holoborodko, Ihor"]
[Black "Johnston, Devin"]
[Result "0-1"]
[WhiteElo "1530"]
[BlackElo "1607"]
[WhiteFideId "-1"]
[BlackFideId "-1"]
[PlyCount "118"]
[GameId "2285889505751561"]
[EventDate "2026.02.14"]
[EventType "swiss"]
[EventRounds "5"]
[EventCountry "CAN"]

1. c4 Nf6 2. d4 g6 3. Nc3 Bg7 4. e4 d6 5. h3 O-O 6. Nf3 Nbd7 7. Bd3 e5 8. d5 Nc5 9. Bg5 Qd7 10. Bxf6 Bxf6 11. b4 Nxd3+ 12. Qxd3 c6 13. O-O-O a5 14. b5 cxb5 15. Nxb5 b6 16. a4 Ba6 17. Kb2 Bxb5 18. cxb5 Rfc8 19. Rc1 Ra7 20. Rxc8+ Qxc8 21. Rc1 Rc7 22. Rc6 Rxc6 23. dxc6 Bd8 24. Qxd6 Bc7 25. Qd5 Qf8 26. Qc4 Kg7 27. g4 h6 28. h4 Qd8 29. Kc2 Qf6 30. Qd3 Qe7 31. Qc3 f6 32. Kd2 Qd6+ 33. Ke2 Qe6 34. Nh2 Qa2+ 35. Ke3 Qxa4 36. Qd3 Qd4+ 37. Qxd4 exd4+ 38. Kxd4 Bxh2 39. f3 Kf7 40. Kd5 Bc7 41. g5 hxg5 42. hxg5 a4 43. Kc4 fxg5 44. Kb4 Ke6 45. Kxa4 Ke5 46. Kb4 Kd4 47. Kb3 Kc5 48. Kc3 Kxb5 49. Kd4 Kxc6 50. Kc4 b5+ 51. Kd4 Kb6 52. e5 Bxe5+ 53. Kxe5 Kc5 54. Ke4 Kc4 55. Ke5 b4 56. Kf6 b3 57. Kxg6 b2 58. Kxg5 b1=Q 59. f4 Kd5 0-1

[Event "Winnipeg op U1800"]
[Site "Winnipeg CAN"]
[Date "2026.02.15"]
[Round "3.18"]
[White "Gannon, Keith"]
[Black "Jo, Asher"]
[Result "0-1"]
[WhiteElo "1571"]
[BlackElo "1453"]
[WhiteFideId "-1"]
[BlackFideId "-1"]
[PlyCount "78"]
[GameId "2285889505780234"]
[EventDate "2026.02.14"]
[EventType "swiss"]
[EventRounds "5"]
[EventCountry "CAN"]

1. c4 b6 2. d4 Nf6 3. Nc3 g6 4. e4 d6 5. Nf3 Nbd7 6. Be2 Bg7 7. O-O O-O 8. Re1 e5 9. dxe5 dxe5 10. a3 Qe7 11. b4 Bb7 12. Bd3 Rad8 13. Qc2 Nb8 14. Nd5 Qd7 15. Nxe5 Qd6 16. Nf3 Nxe4 17. Bf4 Qd7 18. Rad1 Bxd5 19. Bxe4 Bxe4 20. Rxd7 Bxc2 21. Rxd8 Rxd8 22. Bxc7 Rc8 23. Bxb8 Rxb8 24. h3 Bf6 25. Rc1 Be4 26. Nd2 Bg5 27. Nxe4 Bxc1 28. c5 bxc5 29. Nxc5 Bxa3 30. Na6 Rb6 31. Nc5 Bxb4 32. Ne4 Bd6 33. Nxd6 Rxd6 34. f3 a5 35. g4 a4 36. h4 a3 37. h5 a2 38. hxg6 a1=Q+ 39. Kg2 Rd2+ 0-1